| 000 | 00868nam a2200217Ii 4500 | ||
|---|---|---|---|
| 003 | JO-AjNU | ||
| 008 | 230605s9999||||xx |||||||||||||| ||und|| | ||
| 040 |
_aJO-AjNU _bara _erda _cJO-AjNU |
||
| 041 | _aara | ||
| 050 | 1 | 4 | _aDS115.5.D2 1986 |
| 100 | 3 |
_aتاليف الدباغ، مصطفى مراد 1898- 1989, _eauthor _945598 |
|
| 245 | 0 | 0 | _aبلادنا فلسطين: في ديار الخليل - خليل الرحمن، الجزء الخامس، القسم الثاني |
| 250 | _aط2 | ||
| 264 | 3 | 1 | _aبيروت: دار الطليعة، 1985 |
| 300 | _aج5، القسم الثاني، 424ص | ||
| 336 |
_atext _btxt _2rdacontent |
||
| 337 |
_aunmediated _bn _2rdamedia |
||
| 338 |
_avolume _bnc _2rdacarrier |
||
| 490 | 0 | _aمطبوعات رابطة الجامعيين بمحافطة الخليل | |
| 650 | 4 |
_aفلسطين- تاريخ- جغرافية _945599 |
|
| 999 |
_aA19778 _c23346 _d23346 |
||